000 00878cam a2200265 a 4500
001 282
003 BR-CuiBMT
005 20231121193850.0
008 230919s2017 mgb 000 0 por d
020 _a9788545002192
040 _aBR-CuiBMT
_cBR-CuiBMT
080 _22007
_a351.712
090 _a351.712
_bP436p
_c3. ed.
100 1 _aPereira Júnior, Jessé Torres
245 1 0 _aPolíticas públicas nas licitações e contratações administrativas /
_cJessé Torres Pereira Junior, Marinês Restelatto Dotti.
250 _a3. ed., rev., atual. e ampl.
260 _aBelo Horizonte :
_bFórum,
_c2017.
300 _a791 p. ;
_c24 cm
504 _aInclui bibliografia.
650 _aContrato administrativo
_zBrasil
650 _aObras públicas
_xContratação
_zBrasil
650 _aPregão eletrônico
_zBrasil
700 1 _aDotti, Marinês Restelatto
942 _2udc
_cLV
999 _c282
_d282